<?xml version="1.0" encoding="UTF-8"?><?xml-stylesheet type="text/xsl" href="static/style.xsl"?><OAI-PMH xmlns="http://www.openarchives.org/OAI/2.0/" xmlns:xsi="http://www.w3.org/2001/XMLSchema-instance" xsi:schemaLocation="http://www.openarchives.org/OAI/2.0/ http://www.openarchives.org/OAI/2.0/OAI-PMH.xsd"><responseDate>2026-04-27T03:43:09Z</responseDate><request verb="GetRecord" identifier="oai:repisalud.isciii.es:20.500.12105/10556" metadataPrefix="marc">https://repisalud.isciii.es/rest/oai/request</request><GetRecord><record><header><identifier>oai:repisalud.isciii.es:20.500.12105/10556</identifier><datestamp>2024-05-21T11:02:20Z</datestamp><setSpec>com_20.500.12105_2203</setSpec><setSpec>com_20.500.12105_2202</setSpec><setSpec>col_20.500.12105_19505</setSpec><setSpec>col_20.500.12105_19585</setSpec></header><metadata><record xmlns="http://www.loc.gov/MARC21/slim" xmlns:dcterms="http://purl.org/dc/terms/" xmlns:doc="http://www.lyncode.com/xoai" xmlns:xsi="http://www.w3.org/2001/XMLSchema-instance" xsi:schemaLocation="http://www.loc.gov/MARC21/slim http://www.loc.gov/standards/marcxml/schema/MARC21slim.xsd">
   <leader>00925njm 22002777a 4500</leader>
   <datafield ind2=" " ind1=" " tag="042">
      <subfield code="a">dc</subfield>
   </datafield>
   <datafield ind2=" " ind1=" " tag="720">
      <subfield code="a">Instituto de Salud Carlos III. Centro Nacional de Epidemiología</subfield>
      <subfield code="e">author</subfield>
   </datafield>
   <datafield ind2=" " ind1=" " tag="260">
      <subfield code="c">2013-04-21</subfield>
   </datafield>
   <datafield ind2=" " ind1=" " tag="520">
      <subfield code="a">En la semana 16/2013, la actividad gripal disminuye o se estabiliza en todo el territorio vigilado y se mantienen valores de incidencia de gripe propios del periodo pre-epidémicos.
La tasa de detección viral continua disminuyendo (19%) después de un valor máximo en la semana
07/2013 (69%) y un periodo prolongado de circulación viral intensa por encima del 50% (semanas 02-
13/2013). Se observa una circulación esporádica y mixta de virus gripales B/A(H1N1)pdm09.
Desde la semana 40/2012 se han notificado 487 casos graves hospitalizados confirmados de gripe en 16
CCAA, un 54% por virus de la gripe B y un 46% por virus A (92% A(H1N1)pdm09 y 8% A(H3N2), entre los
subtipados). Entre los casos graves hospitalizados se han registrado 44 defunciones con una distribución
semejante por tipo/subtipo de virus gripales. El 78% de los casos graves hospitalizados y el 90% de las
defunciones presentaban factores de riesgo de complicaciones de gripe.
En Europa la actividad gripal continúa descendiendo o ha regresado a sus niveles basales. En Norteamérica también se registra una disminución de los indicadores de actividad gripal, aunque se observa un
aumento en la proporción de detecciones de virus de la gripe B. En los países del hemisferio sur la actividad gripal está en niveles inter-estacionales</subfield>
   </datafield>
   <datafield ind1="8" ind2=" " tag="024">
      <subfield code="a">http://hdl.handle.net/20.500.12105/10556</subfield>
   </datafield>
   <datafield tag="653" ind2=" " ind1=" ">
      <subfield code="a">Gripe</subfield>
   </datafield>
   <datafield tag="653" ind2=" " ind1=" ">
      <subfield code="a">Vigilancia Epidemiológica</subfield>
   </datafield>
   <datafield ind2="0" ind1="0" tag="245">
      <subfield code="a">Informe semanal de Vigilancia de la Gripe en España Semana 16/2013 (15 - 21 de abril 2013) Nº 348. 25 de abril de 2013</subfield>
   </datafield>
</record></metadata></record></GetRecord></OAI-PMH>